Housing (Record no. 110698)

MARC details
000 -LEADER
fixed length control field 01258cam a22002295a 4500
001 - CONTROL NUMBER
control field E150019
008 - FIXED-LENGTH DATA ELEMENTS--GENERAL INFORMATION
fixed length control field 100524s2010 xxk f s000 0 eng d
020 ## - INTERNATIONAL STANDARD BOOK NUMBER
International Standard Book Number 9780755993512
035 ## - SYSTEM CONTROL NUMBER
System control number (Sirsi) u150019
041 0# - LANGUAGE CODE
Language code of text/sound track or separate title eng
050 04 - LIBRARY OF CONGRESS CALL NUMBER
Classification number 306.1 $2 18
110 2# - MAIN ENTRY--CORPORATE NAME
Corporate name or jurisdiction name as entry element Scotland
Subordinate unit Scottish Government
9 (RLIN) 5344
245 00 - TITLE STATEMENT
Title Housing
Remainder of title fresh thinking, new ideas
Medium [electronic resource]
260 ## - PUBLICATION, DISTRIBUTION, ETC.
Place of publication, distribution, etc. Edinburgh
Name of publisher, distributor, etc. Scottish Government
Date of publication, distribution, etc. 2010
505 2# - FORMATTED CONTENTS NOTE
Formatted contents note Introduction -- Scottish housing need -- Increasing the supply of affordable housing -- Choice, fairness and making better use of housing -- Sustainable quality houses and places -- Excellence across the housing system
520 ## - SUMMARY, ETC.
Summary, etc. A discussion document which looks at the policies which will be required in order to meet challenges in the housing sector. Discusses housing need; investment in affordable housing; use of existing hosuing stock; quality of housing; and how stakeholders can address the challenges faced by the sector.
590 ## - LOCAL NOTE (RLIN)
Local note KA NTK
651 #4 - SUBJECT ADDED ENTRY--GEOGRAPHIC NAME
Geographic name Scotland
Chronological subdivision 1999-
690 ## - LOCAL SUBJECT ADDED ENTRY--TOPICAL TERM (OCLC, RLIN)
Topical term or geographic name as entry element PROPERTY-RESIDENTIAL PROPERTY-DOMESTIC RESIDENTIAL PROPERTY-HOUSING
856 40 - ELECTRONIC LOCATION AND ACCESS
Uniform Resource Identifier <a href="https://www.scotland.gov.uk/Publications/2010/05/21153206/0">https://www.scotland.gov.uk/Publications/2010/05/21153206/0</a>
Public note View the item free of charge at www.scotland.gov.uk
942 ## - ADDED ENTRY ELEMENTS (KOHA)
Suppress in OPAC 0
Holdings
Withdrawn status Lost status Source of classification or shelving scheme Damaged status Not for loan Home library Current library Shelving location Date acquired Total Checkouts Full call number Barcode Date last seen Copy number Price effective from Koha item type
    Dewey Decimal Classification     Virtual Virtual Online 24/05/2010   ONLINE PUBLICATION 150019-2001 06/08/2019 1 06/08/2019 Book